000 00310nam a22001337a 4500
008 170927b xxu||||| |||| 00| 0 eng d
020 _a0972939415
041 _aeng
080 _22ND
_a37
100 _a47
101 _aEDU
245 _aINTRODUCTION TO SERVICE-LEARNING TOOLKIT
_cCOMPACT,C
942 _2udc
_cBK
999 _c30323
_d30323